Chemistry / (Record no. 183392)
[ view plain ]
| 000 -LEADER | |
|---|---|
| fixed length control field | 01249 a2200193 4500 |
| 003 - CONTROL NUMBER IDENTIFIER | |
| control field | Nust |
| 005 - DATE AND TIME OF LATEST TRANSACTION | |
| control field | 20221011124130.0 |
| 010 ## - LIBRARY OF CONGRESS CONTROL NUMBER | |
| LC control number | 85060981 |
| 020 ## - INTERNATIONAL STANDARD BOOK NUMBER | |
| International Standard Book Number | 0669045292 |
| 040 ## - CATALOGING SOURCE | |
| Transcribing agency | Nust |
| 082 00 - DEWEY DECIMAL CLASSIFICATION NUMBER | |
| Classification number | 540,ZUM |
| 100 1# - MAIN ENTRY--PERSONAL NAME | |
| Personal name | Zumdahl, Steven S. |
| 9 (RLIN) | 436 |
| 245 10 - TITLE STATEMENT | |
| Title | Chemistry / |
| Statement of responsibility, etc. | Steven S. Zumdahl. |
| 260 ## - PUBLICATION, DISTRIBUTION, ETC. | |
| Place of publication, distribution, etc. | Lexington, Mass. : |
| Name of publisher, distributor, etc. | D.C. Heath, |
| Date of publication, distribution, etc. | c1986. |
| 300 ## - PHYSICAL DESCRIPTION | |
| Extent | xix, 1023, 60, 16 p. : |
| Other physical details | ill. (some col.) ; |
| Dimensions | 27 cm. |
| 505 ## - FORMATTED CONTENTS NOTE | |
| Formatted contents note | Chemical Foundations (Page-1), Atoms, Molecules and Ions (Page-31), Stoichiometry (Page-61), Solution Stoichiometry and Chemical Analysis (Page-101), Gases (Page-155), Thermochemistry (Page-197), Atomic Structure and Periodicity (Page-237), Bonding General Concepts (Page-295), Covalent Bonding Orbitals (Page-349), Liquids and Solids (Page-383), Properties of Solutions (Page-435), Chemical Kinetics (Page-471), Chemical Equilibrium (Page-521), Acids and Bases (Page-559), Applications of Aqueous Equilibria (Page-618), Spontaneity Entropy and free Energy (Page-677), The Representative Elements (Page-759), Representative Elements: Groups 5A Through 8A (Page-783),The Nuclear A Chemist’s View (Page-869), Biochemistry (Page-941), Industrial chemistry (Page-975). |
| 650 #0 - SUBJECT ADDED ENTRY--TOPICAL TERM | |
| Topical term or geographic name entry element | Chemistry. |
| 942 ## - ADDED ENTRY ELEMENTS (KOHA) | |
| Source of classification or shelving scheme | |
| Koha item type | Book |
| Withdrawn status | Lost status | Source of classification or shelving scheme | Damaged status | Not for loan | Permanent Location | Current Location | Shelving location | Date acquired | Total Checkouts | Full call number | Barcode | Date last seen | Date last checked out | Price effective from | Koha item type | Public note |
|---|---|---|---|---|---|---|---|---|---|---|---|---|---|---|---|---|
| Military College of Signals (MCS) | Military College of Signals (MCS) | General Stacks | 12/12/2016 | 1 | 540,ZUM | MCS6405 | 08/12/2025 | 12/24/2024 | 12/12/2016 | Book | Almirah No.25, Shelf No.2 |
